000 00481nmm a2200169Ia 4500
008 251105s9999||||xx |||||||||||||||||und||
041 _aspa
100 _aHurwitz, Gregg Andrew
245 0 _aInstinto primario
264 _a[Madrid, España] :
_bEdiciones B,
_c2015
300 _a408 páginas
650 _aThriller & Suspense
700 _aHurwitz, Gregg Andrew
700 1 _a Reyes Camps, Francesc
856 _uhttps://public.digitaliapublishing.com/a/54094
942 _cCF
999 _c67035
_d67035